| 000 | 00372nam a2200145Ia 4500 | ||
|---|---|---|---|
| 008 | 221201s9999 xx 000 0 und d | ||
| 020 | _a9780393732030 | ||
| 041 | _aeng | ||
| 082 | _a712.36 | ||
| 100 |
_aMiller L B. _9106035 |
||
| 245 | _aParks Plants And People : Beautifying The Urban Landscape. | ||
| 260 |
_bW.W. Norton. _c2009 |
||
| 300 | _a206 | ||
| 906 | _b2779.218 | ||
| 999 |
_c83605 _d83605 |
||